000 00623nam a2200205Ia 4500
003 GCL
008 140319s9999 xx 000 0 ara d
040 _aGCL /
_cGCL
082 0 4 _aق
_b071.962
_bف ا
100 1 _aفاروق ابوزيد
245 1 0 _aازمة الديمقراطية فى الصحافة المصرية /
_cفاروق ابوزيد
300 _a182 ص
490 _a
650 0 4 _aالديمقراطية
650 0 4 _aالاحزاب السياسية
650 0 4 _aالصحافة المصرية
650 0 4 _aالاحوال الثقافية
650 0 4 _aحرية الصحافة
942 _2ddc
_cBK
999 _c39329
_d39329